000 00626nam a2200193 i 4500
001 88417
003 ES-MaACL
007 t|
008 050104s1983 sp ||||1| spa d
100 1 _aLakatos, Imre.
_969714
245 1 3 _aLa metodología de los programas de investigación científica /
_cImre Lakatos ; versión de Juan Carlos Zapatero.
260 _a[Madrid] :
_bAlianza,
_c[1983]
300 _a315 p. ;
_c20 cm.
490 1 _aAlianza universidad ;
_v349
700 1 _aZapatero, Juan Carlos.
_9118007
830 0 _aAlianza universidad ;
_v349
_9177276
852 _aES-MaACL
_jL-5387
_bR.105872
999 _c88417
_d88417